|
|
|
|
| LEADER |
01024nam a2200265 4500 |
| 001 |
10113630 |
| 003 |
upatras |
| 005 |
20210117205116.0 |
| 008 |
140822s1989 UK eng |
| 020 |
|
|
|a 0521246237
|
| 040 |
|
|
|a GR-PaULI
|e AACR2
|c GR-PaULI
|
| 041 |
0 |
|
|a eng
|
| 082 |
0 |
4 |
|a 531.32
|
| 100 |
1 |
|
|a Pippard, A. B.
|4 aut
|9 108570
|
| 245 |
1 |
0 |
|a The physics of vibration
|c A. B. Pippard
|
| 260 |
|
|
|a Cambridge
|b Cambridge University Press
|c 1983
|
| 300 |
|
|
|a 2 τ.
|b εικ.
|c 25 εκ.
|
| 505 |
0 |
|
|a τ.2. The simple vibrator in quantum mechanics - 208 σ. - 1983.
|
| 650 |
|
4 |
|a Ταλαντώσεις
|9 233
|
| 650 |
|
4 |
|a Φυσική ταλαντώσεων
|9 107678
|
| 852 |
|
|
|a GR-PaULI
|b ΠΑΤΡΑ
|b ΒΚΠ
|b ΒΣ1
|k ΑΣΧΞ
|h 531.32 PIP
|m 122779
|p 025000239139
|t 1
|3 v.2
|
| 942 |
|
|
|2 ddc
|c BK15
|
| 952 |
|
|
|0 0
|1 0
|3 v.2
|4 0
|6 531_320000000000000_PIP
|7 0
|9 169064
|a LISP
|b LISP
|c BSC
|d 2016-04-24
|i 122779
|l 0
|o 531.32 PIP
|p 025000239139
|r 2016-04-24 00:00:00
|t 1
|w 2016-04-24
|y BK15
|
| 998 |
|
|
|c ΜΠΟΥΡΑΣ
|d 2014-08
|
| 999 |
|
|
|c 105728
|d 105728
|